Sancho el Fuerte de Navarra / (Record no. 39742)
[ view plain ]
| 000 -LEADER | |
|---|---|
| campo de control de longitud fija | 00475nam a2200157 i 4500 |
| 001 - NÚMERO DE CONTROL | |
| campo de control | 39742 |
| 003 - IDENTIFICADOR DE NÚMERO DE CONTROL | |
| campo de control | ES-MaACL |
| 005 - FECHA Y HORA DE LA ÚLTIMA TRANSACCIÓN | |
| campo de control | 20230906160054.0 |
| 007 - CAMPO FIJO DE DESCRIPCIÓN FÍSICA--INFORMACIÓN GENERAL | |
| campo de control de longitud fija | t| |
| 008 - DATOS DE LONGITUD FIJA--INFORMACIÓN GENERAL | |
| campo de control de longitud fija | 030304s1960 sp ||||1| spa d |
| 100 1# - ENTRADA PRINCIPAL--NOMBRE DE PERSONA | |
| Nombre de persona | Campo Jesús, Luis del. |
| 9 (RLIN) | 34215 |
| 245 10 - MENCIÓN DEL TÍTULO | |
| Título | Sancho el Fuerte de Navarra / |
| Mención de responsabilidad, etc. | Luis del Campo Jesús. |
| 260 ## - PUBLICACIÓN, DISTRIBUCIÓN, ETC. | |
| Lugar de publicación, distribución, etc. | Pamplona : |
| Nombre del editor, distribuidor, etc. | [s.n., |
| Fecha de publicación, distribución, etc. | 1960] ( |
| Fabricante | Imp. La Acción Social) |
| 300 ## - DESCRIPCIÓN FÍSICA | |
| Extensión | 467 p., 3 lám. : |
| Otras características físicas | il. ; |
| Dimensiones | 25 cm. |
| 852 ## - LOCALIZACIÓN | |
| Ubicación | ES-MaACL |
| Número de control de estantería | C-19140 |
| Sublocalización o colección | R.45269 |
| Estatus retirado | Estado de pérdida | Estado de daño | No para préstamo | Biblioteca de origen | Biblioteca actual | Ubicación en estantería | Fecha de adquisición | Fuente de adquisición | Total de préstamos | Signatura topográfica completa | Código de barras | Visto por última vez | Precio de reemplazo | Tipo de ítem Koha |
|---|---|---|---|---|---|---|---|---|---|---|---|---|---|---|
| Biblioteca del Ateneo de Madrid | Biblioteca del Ateneo de Madrid | Galería | 17/01/2008 | C-19140 | 1041851 | 23/02/2023 | 23/02/2023 | Libro impreso |
